[Event "World op"]
[Site "Philadelphia"]
[Date "1992.??.??"]
[Round "7"]
[White "Zlotnikov, Mikhail"]
[Black "Alburt, Lev O"]
[Result "1/2-1/2"]
[WhiteElo "2355"]
[BlackElo "2535"]

1.c4 c5 2.Nf3 Nf6 3.g3 d5 4.cxd5 Nxd5 5.Bg2 Nc6 6.Nc3 Nc7 7.d3 e5 8.O-O Be7
9.Be3 O-O 10.Nd2 Bd7 11.Rc1 Re8 12.Nc4 Bf8 13.Ne4 b6 14.a3 Nb5 15.Bd2 Rc8
16.a4 Nbd4 17.e3 Nf5 18.Bc3 a6 19.Ncd2 Be6 20.Nc4 f6 21.b3 b5 22.Nb2 Na5
23.axb5 Nxb3 24.bxa6 Nxc1 25.Qxc1 Qb6 26.Nc4 Qxa6 27.Qc2 Bxc4 28.dxc4 Qxc4
29.Nd2 Qg4 30.h3 Qg5 31.h4 Qg4 32.Bf3 Qh3 33.Bg2 Nxe3 34.Qa2+ Qe6 35.Qxe6+ Rxe6
36.Bh3 Rec6 37.fxe3 Rd8 38.Kf2 g6 39.Ke2 Bg7 40.Ra1 h5 41.Nc4 Rc7 42.Ra6 Rb8
43.e4 Rb3 44.Kd3 Rb1 45.Ke2 Kh7 46.Bd2 Rcb7 47.Be6 Rh1 48.Ra8 Bh6 49.Bg8+ Kg7
50.Bd5 Rh2+ 51.Kd1 Rb1+ 52.Kc2 Rb4 53.Ra7+ Kf8 54.Kc3 Rxc4+ 55.Kxc4 Rxd2
56.Rf7+ Kg8 57.Rxf6+ Kg7 58.Rf7+ Kh8 59.Rf6 Kh7 60.Rf7+ Bg7 61.Rf3 Rc2+ 62.Rc3 Rb2
63.Rf3 Rc2+ 64.Rc3 Rxc3+ 65.Kxc3 Bh6 66.Kd3 Kg7 67.Ke2 Kf6 68.Bc4 Bc1 69.Bd5  1/2-1/2

[Event "World op"]
[Site "Philadelphia"]
[Date "1992.??.??"]
[Round "8"]
[White "Alburt, Lev O"]
[Black "Friedman, Aviv"]
[Result "1-0"]
[WhiteElo "2535"]
[BlackElo "2295"]

1.d4 e6 2.g3 c5 3.Nf3 b6 4.d5 Nf6 5.c4 Ba6 6.b3 exd5 7.cxd5 d6 8.Bb2 Nbd7
9.e4 Bxf1 10.Kxf1 Be7 11.Kg2 O-O 12.Re1 Ne8 13.Nfd2 Bf6 14.Nc3 b5 15.f4 b4
16.Na4 Bxb2 17.Nxb2 Nc7 18.a4 bxa3 19.Rxa3 Nb5 20.Ra6 Nb6 21.Ra1 Nd7 22.Nf3 Nb6
23.Qd3 Nc7 24.Nc4 Qd7 25.Ra5 h6 26.Rea1 Nxc4 27.bxc4 a6 28.e5 Rab8 29.Nd2 Rb4
30.Re1 dxe5 31.fxe5 Rfb8 32.Re2 R8b6 33.Qe3 Ra4 34.Rxa4 Qxa4  1-0

[Event "New York op"]
[Site "New York"]
[Date "1993.??.??"]
[Round "1"]
[White "Floreen, David"]
[Black "Alburt, Lev O"]
[Result "0-1"]
[WhiteElo "2330"]
[BlackElo "2535"]

1.d4 Nf6 2.Nc3 d5 3.Bg5 c5 4.Bxf6 gxf6 5.e4 dxe4 6.dxc5 f5 7.Qxd8+ Kxd8 8.O-O-O+ Bd7
9.Bc4 e6 10.g4 fxg4 11.Nxe4 Ke7 12.f3 Bc6 13.Ne2 Nd7 14.N2c3 Bg7 15.Rhe1 Bxc3
16.Nxc3 Bxf3 17.Be2 Nxc5 18.Bxf3 gxf3 19.Rf1 Rad8 20.Rxf3 Rxd1+ 21.Kxd1 f5
22.b4 Nd7 23.Nb5 Ne5 24.Rh3 Nc6 25.a3 a6 26.Nc3 h5 27.Ne2 Kf6 28.c4 e5 29.b5 Nd4
30.Nxd4 Rd8 31.bxa6 bxa6 32.Rxh5 Rxd4+ 33.Kc2 Rxc4+ 34.Kb3 Rg4 35.Rh8 Kg5
36.Rg8+ Kf4 37.Ra8 Rg6 38.h4 Rh6 39.h5 e4 40.Kc3 Ke3  0-1

[Event "World op"]
[Site "Philadelphia"]
[Date "1993.??.??"]
[Round "?"]
[White "Friedman, Josef"]
[Black "Alburt, Lev O"]
[Result "0-1"]
[WhiteElo "2300"]
[BlackElo "2545"]

1.Nf3 Nf6 2.c4 c5 3.Nc3 Nc6 4.g3 d5 5.cxd5 Nxd5 6.Bg2 Nc7 7.O-O g6 8.d3 Bg7
9.Be3 b6 10.Qa4 Bd7 11.Qh4 e5 12.Bg5 f6 13.Bh6 O-O 14.Bxg7 Kxg7 15.Rac1 Rc8
16.a3 Qe7 17.Rfe1 Rfd8 18.Nd2 Nd4 19.Nc4 h5 20.Qe4 Bc6 21.Qe3 Nf5 22.Qd2 Bxg2
23.Kxg2 h4 24.Rb1 Ne6 25.e4 Nfd4 26.Qd1 Qd7 27.Ne3 Ng5 28.Qg4 h3+ 29.Kh1 Qxg4
30.Nxg4 Ngf3 31.Red1 Nb3 32.Nd5 Rd6 33.Nge3 b5 34.Nc3 a6 35.Ne2 Nfd2 36.Nc1 Nxb1
37.Nxb3 c4 38.Na5 c3 39.Rxb1 cxb2 40.Nb3 Rxd3 41.Rxb2 Rxb3  0-1

[Event "US op"]
[Site "Philadelphia"]
[Date "1993.??.??"]
[Round "?"]
[White "Alburt, Lev O"]
[Black "Zaichik, Gennadi"]
[Result "1/2-1/2"]
[WhiteElo "2545"]
[BlackElo "2510"]

1.d4 d6 2.c4 e5 3.Nf3 e4 4.Nfd2 f5 5.e3 Nf6 6.Nc3 g6 7.Be2 Bg7 8.b4 O-O 9.Nb3 Be6
10.Qc2 Nbd7 11.Bb2 c6 12.O-O Bf7 13.b5 c5 14.Rfd1 cxd4 15.Rxd4 Ng4 16.Bxg4 Bxd4
17.Nxd4 fxg4 18.Nxe4 Ne5 19.c5 dxc5 20.Qxc5 Nd3 21.Qc3 Nxb2 22.Nf5 gxf5 23.Nf6+ Qxf6
24.Qxf6 Nd3 25.Rd1 Bc4 26.Qd4 Rac8 27.h4 Rfd8 28.Qf6 Rf8 29.Qd4 Rfd8 30.Qxa7 g3
31.fxg3 Ne5 32.Rxd8+ Rxd8 33.Kf2 Bd5 34.Qd4 Ng4+ 35.Ke1 Kf7 36.a4 Ke6 37.a5  1/2-1/2

[Event "World op"]
[Site "Philadelphia"]
[Date "1993.??.??"]
[Round "9"]
[White "Zaichik, Gennadi"]
[Black "Alburt, Lev O"]
[Result "1-0"]
[WhiteElo "2510"]
[BlackElo "2545"]

1.Nf3 Nf6 2.c4 c5 3.Nc3 Nc6 4.g3 d5 5.cxd5 Nxd5 6.Bg2 Nc7 7.d3 e5 8.O-O Be7
9.Nd2 Bd7 10.Nc4 O-O 11.Bxc6 Bxc6 12.Nxe5 Be8 13.Be3 f6 14.Nf3 Bf7 15.Qa4 Nd5
16.Rac1 b6 17.Nxd5 Qxd5 18.b3 Qb7 19.Qg4 g5 20.d4 Qa6 21.dxc5 Qxa2 22.Nd4 Bxc5
23.h4 Rae8 24.hxg5 Bg6 25.gxf6 Rxf6 26.Ra1 Qb2 27.Rxa7 Re4 28.Qd7 Rf7 29.Qd8+ Rf8
30.Qd5+ Kh8 31.Rd1 Qc3 32.Bh6 Rg8 33.Ra8 Rxa8 34.Qxa8+ Re8 35.Qd5 Be4 36.Qd7 Rg8
37.Bf4 Bxd4 38.Qxd4+ Qxd4 39.Rxd4 Re8 40.b4 Bf5 41.Rd5 Bh3 42.Rg5  1-0

[Event "New York op"]
[Site "New York"]
[Date "1994.??.??"]
[Round "3"]
[White "Alburt, Lev O"]
[Black "Friedman, Josef"]
[Result "1-0"]
[WhiteElo "2560"]
[BlackElo "2305"]

1.d4 Nf6 2.c4 e6 3.g3 c5 4.d5 exd5 5.cxd5 d6 6.Nc3 g6 7.Nf3 Bg7 8.Bg2 O-O
9.O-O Na6 10.Nd2 Nc7 11.Nc4 b6 12.Nxd6 Qxd6 13.Bf4 Qd7 14.d6 Ne6 15.Bxa8 Nxf4
16.gxf4 Qg4+ 17.Bg2 Qxf4 18.Qd3 Ng4 19.Qg3 Qh6 20.Nd5 Be6 21.h3 Ne5 22.Rad1 Nd7
23.b3 f5 24.Qe3 Qxe3 25.Nxe3 Rd8 26.Bd5 Kf7 27.Bxe6+ Kxe6 28.Nd5 Ne5 29.Rd2 Bh6
30.f4 Nf7 31.Nc7+ Kd7 32.Nb5 a6 33.Nc7 Nxd6 34.Nd5 Kc6 35.Rfd1 Bg7 36.e3 b5
37.Ne7+ Kc7 38.Rd4 Nb7 39.Rxd8 Nxd8 40.Nd5+ Kb7 41.Nb4 Ne6 42.Rd6 Nf8 43.Nxa6 c4
44.Kf2 Bb2 45.Nb4 Ba3 46.Rd5 Kb6 47.Nc2 Bc5 48.b4 Be7 49.Nd4 Ka6 50.a3 c3
51.Ke2  1-0

[Event "New York op"]
[Site "New York"]
[Date "1994.??.??"]
[Round "4"]
[White "Byrne, Robert E"]
[Black "Alburt, Lev O"]
[Result "0-1"]
[WhiteElo "2460"]
[BlackElo "2560"]

1.e4 Nf6 2.e5 Nd5 3.d4 d6 4.Nf3 g6 5.Bc4 Nb6 6.Bb3 Bg7 7.a4 a5 8.Qe2 O-O
9.O-O Bg4 10.Bf4 Nc6 11.c3 dxe5 12.Bxe5 Nxe5 13.dxe5 Bxf3 14.Qxf3 Bxe5 15.Qxb7 Rb8
16.Qe4 Qd6 17.g3 Nd7 18.Rd1 Nc5 19.Qe3 Qb6 20.Bc4 Qxb2 21.Ra2 Qxb1 22.Rxb1 Rxb1+
23.Kg2 Bd6 24.Bb5 Rc8 25.Bc6 Kg7 26.Rd2 Rb6 27.Bf3 e6 28.Rd4 h6 29.Rc4 Nd7
30.Rc6 Rcb8 31.Qd4+ Kg8 32.Rxb6 Rxb6 33.Be2 Rb2 34.Bb5 Nc5 35.Kh3 e5 36.Qe3 Kg7
37.Kg2 f5 38.Qc1 Ra2 39.Qb1 Rd2 40.Qc1 Ne4 41.Bc6 Rxf2+ 42.Kh1 Nd2 43.Bg2 Nb3
44.Qb1 Nc5 45.Bd5 Nd7 46.Qb5 Nf6 47.c4 Rc2 48.Qxa5 e4 49.Kg1 e3 50.Bf3 Rxc4
51.Qe1 Bc5 52.a5 Ra4 53.Qc3 Bd6 54.Qxe3 Rxa5 55.Qc3 Ra3 56.Qc6 h5 57.Bd5 h4
58.gxh4 Rh3 59.Ba2 Rxh4 60.h3 Rxh3 61.Qc4 Kh6 62.Qc1+ Kg7 63.Qc4 Ne4 64.Qf7+ Kh6
65.Bd5 Nc3 66.Bc4 Kg5 67.Qg7 Kf4 68.Kf1 g5 69.Qd4+ Ne4 70.Bd5 Bc5 71.Qg7 Rf3+
72.Ke1 Bf2+ 73.Ke2 Nc3+ 74.Kd2 Nxd5  0-1

[Event "New York op"]
[Site "New York"]
[Date "1994.??.??"]
[Round "5"]
[White "Alburt, Lev O"]
[Black "Gunawan, Ruben"]
[Result "1-0"]
[WhiteElo "2560"]
[BlackElo "2315"]

1.d4 Nf6 2.c4 e6 3.g3 c5 4.d5 exd5 5.cxd5 d6 6.Nc3 g6 7.Bg2 Bg7 8.Nf3 O-O
9.O-O Na6 10.Nd2 Nc7 11.Nc4 Nfe8 12.a4 b6 13.Bd2 Ba6 14.b3 Nf6 15.Rc1 Re8
16.Bf4 Bxc4 17.bxc4 Nh5 18.Bd2 a6 19.Bf3 Nf6 20.e4 Rb8 21.Rb1 Nd7 22.Qc2 Bd4
23.Kg2 Qe7 24.Rb3 h5 25.h4 b5 26.axb5 axb5 27.Nxb5 Nxb5 28.Rxb5 Ne5 29.Be2 Ng4
30.f3 Ne3+ 31.Bxe3 Bxe3 32.Qb3 Rxb5 33.cxb5 Bd4 34.Rb1 Rb8 35.Bc4 Qa7 36.b6 Qa5
37.b7 Kg7 38.Kh3 Qd2 39.Qd3 Qa5 40.f4 Qd8 41.Ba6 Qd7+ 42.Kg2 Qa4 43.Qe2 Qa5
44.Kh3 Qc3 45.Rb6 c4 46.Rb1 Ba7 47.Qb2 Qxb2 48.Rxb2 c3 49.Rb4 Re8 50.Rc4 c2
51.Rxc2 Rxe4 52.Rc8 Ra4 53.Bb5  1-0

[Event "New York op"]
[Site "New York"]
[Date "1994.??.??"]
[Round "6"]
[White "Van Wely, Loek"]
[Black "Alburt, Lev O"]
[Result "1-0"]
[WhiteElo "2570"]
[BlackElo "2560"]

1.d4 Nf6 2.c4 e5 3.dxe5 Ne4 4.a3 Qh4 5.g3 Qh5 6.Bg2 Qxe5 7.Qc2 Nf6 8.Nf3 Qh5
9.Nc3 Be7 10.h3 c6 11.e4 d6 12.b4 Nfd7 13.Ne2 f6 14.Nfd4 Nb6 15.Nf5 Bxf5
16.exf5 Qf7 17.c5 dxc5 18.bxc5 N6d7 19.Be3 Na6 20.Nf4 Naxc5 21.O-O O-O 22.Rfd1 Rfc8
23.Ne6 b6 24.a4 g6 25.Nd4 Kh8 26.Nxc6 Bf8 27.Bd5 Qg7 28.Qb2 gxf5 29.Nd4 Rab8
30.Bf4 Ne5 31.Nxf5 Qc7 32.Bg2 Re8 33.Ne3 Ncd3 34.Qd4 Bc5 35.Qxd3  1-0

[Event "New York op"]
[Site "New York"]
[Date "1995.??.??"]
[Round "8"]
[White "Alburt, Lev O"]
[Black "Adams, Michael"]
[Result "1/2-1/2"]
[WhiteElo "2560"]
[BlackElo "2655"]

1.d4 d5 2.Bg5 c5 3.e3 cxd4 4.exd4 Nc6 5.c4 h6 6.Be3 Nf6 7.Nc3 g6 8.Nf3 Bg7
9.h3 O-O 10.Bd3 dxc4 11.Bxc4 Na5 12.Be2 Be6 13.Ne5 Nd5 14.Nxd5 Bxd5 15.O-O Nc6
16.Qd2 Kh7 17.Rfd1 e6 18.Bf4 Qe7 19.Nxc6 Bxc6 20.Be5 Rfd8 21.Qe3 Rd7 22.Rac1 Rad8
23.Bxg7 Kxg7 24.Rc5 Qf6 25.Bb5 Bxb5 26.Rxb5 b6 27.Re5 Rd6 28.Rd3 R8d7 29.g3 Qd8
30.Re4 Rd5 31.h4 Qc7 32.Rc3 Qd6 33.Rc4 Rc7 34.Rxc7 Qxc7 35.Re5 Rd6 36.d5 Rxd5  1/2-1/2